000
00208 a2200097 4500
001
44030
100
_a
Naumani S
245
_a
Scerut ul numan
260
_a
_b
matbooa muarif press
_c
090
_c
27772
_d
27772
942
_a
NUST-CAE
_c
M
_c
19749
999
_c
279103
_d
279103